000 00637nam a2200205 4500
001 113170
003 ES-MaACL
005 20250824063417.0
007 t|
008 061121s1975 sp r ||||1| spa d
100 1 _aNieva, Francisco.
_985727
245 1 0 _aTeatro furioso /
_cFrancisco Nieva ; introducción de Moisés Pérez Coterillo.
260 _aMadrid :
_bAkal,
_c1975.
300 _a393 p. ;
_c21 cm.
490 1 _aExpresiones. Serie teatro ;
_v1
700 1 _aPérez Coterillo, Moisés.
_990745
830 0 0 _aExpresiones.
_pSerie teatro
_v1
_9186482
852 _aES-MaACL
_jL-4491
_bR.105328
999 _c113170
_d113170